Reliability of the dental panoramic tomography (DPT) versus cone-beam computed tomography (cbct) in determining the close relationship of the impacted mandibular third molar root to the inferior alveolar canal (IAC) prior to surgery /
محفوظ في:
| المؤلف الرئيسي: | |
|---|---|
| التنسيق: | أطروحة كتاب |
| اللغة: | English |
| منشور في: |
2013.
|
| الموضوعات: | |
| الوسوم: |
إضافة وسم
لا توجد وسوم, كن أول من يضع وسما على هذه التسجيلة!
|
| LEADER | 01137cam a2200229 a 4500 | ||
|---|---|---|---|
| 001 | u1006033 | ||
| 003 | SIRSI | ||
| 005 | 201107271013 | ||
| 008 | 110727s2013 my a m 000 0 eng | ||
| 040 | |a UMG | ||
| 096 | |a WU100 |b UM 2013 Farama | ||
| 100 | 0 | |a Farah Aliya Mohamed Azahar. | |
| 245 | 1 | 0 | |a Reliability of the dental panoramic tomography (DPT) versus cone-beam computed tomography (cbct) in determining the close relationship of the impacted mandibular third molar root to the inferior alveolar canal (IAC) prior to surgery / |c Farah Aliya Mohamed Azahar. |
| 260 | |c 2013. | ||
| 300 | |a xvii, 86 leaves : |b ill. ; |c 30 cm. | ||
| 502 | |a Dissertation (M. Clinical Dentistry (Oral and Maxillofacial Surgery)) -- Jabatan Sains Pembedahan & Perubatan Oro-Maksilofasial, Fakulti Pergigian, Universiti Malaya, 2013. | ||
| 504 | |a Bibliography: leaves 71-76. | ||
| 650 | 2 | |a Oral Surgical Procedures. | |
| 710 | 2 | 0 | |a Universiti Malaya. |b Jabatan Sains Pembedahan & Perubatan Oro-Maksilofasial. |
| 900 | |a MFAA | ||
| 596 | |a 10 | ||
| 999 | |a WU100 UM 2013 FARAMA |w NLM |c 1 |i A515301717 |d 30/10/2014 |f 30/10/2014 |g 1 |l STACKS |m P10PERGIGI |r Y |s Y |t TESIS |u 29/10/2014 | ||
